Modern In-Organic Chemistry (Record no. 348231)
[ view plain ]
| 000 -LEADER | |
|---|---|
| fixed length control field | 00297 a2200121 4500 |
| 090 ## - LOCALLY ASSIGNED LC-TYPE CALL NUMBER (OCLC); LOCAL CALL NUMBER (RLIN) | |
| -- | 5833 |
| -- | 5833 |
| 100 ## - MAIN ENTRY--PERSONAL NAME | |
| Personal name | Prof. M A Azeem |
| 245 ## - TITLE STATEMENT | |
| Title | Modern In-Organic Chemistry |
| 260 ## - PUBLICATION, DISTRIBUTION, ETC. | |
| Place of publication, distribution, etc. | Karachi |
| Name of publisher, distributor, etc. | Wefaqi Urdu University |
| Date of publication, distribution, etc. | 2006 |
| 300 ## - PHYSICAL DESCRIPTION | |
| Extent | 513 p. |
| 500 ## - GENERAL NOTE | |
| General note | Papercover |
| 942 ## - ADDED ENTRY ELEMENTS (KOHA) | |
| Institution code [OBSOLETE] | NBS |
| Koha item type | Book |
| Call number prefix | 540 AZE |
| Withdrawn status | Lost status | Damaged status | Not for loan | Permanent Location | Current Location | Date acquired | Total Checkouts | Full call number | Barcode | Date last seen | Price effective from | Koha item type | Date last checked out |
|---|---|---|---|---|---|---|---|---|---|---|---|---|---|
| Central Library (CL) | Central Library (CL) | 08/28/2013 | 540 AZE | NBSD-1620 | 08/28/2013 | 08/28/2013 | Book | ||||||
| Central Library (CL) | Central Library (CL) | 08/28/2013 | 540 AZE | NBSD-1621 | 07/04/2025 | 08/28/2013 | Book | ||||||
| Central Library (CL) | Central Library (CL) | 08/28/2013 | 540 AZE | NBSD-1622 | 07/04/2025 | 08/28/2013 | Book | ||||||
| Central Library (CL) | Central Library (CL) | 08/28/2013 | 540 AZE | NBSD-1623 | 08/28/2013 | 08/28/2013 | Book | ||||||
| Central Library (CL) | Central Library (CL) | 08/28/2013 | 1 | 540 AZE | NBSD-1624 | 02/07/2020 | 08/28/2013 | Book | 01/20/2020 | ||||
| Central Library (CL) | Central Library (CL) | 08/28/2013 | 540 AZE | NBSD-1626 | 08/28/2013 | 08/28/2013 | Book | ||||||
| Central Library (CL) | Central Library (CL) | 08/28/2013 | 540 AZE | NBSD-1625 | 08/28/2013 | 08/28/2013 | Book |
